Actors who worked with Mike Nichols - Statistics

General Stats
  • This quiz has been taken 21 times
  • The average score is 29 of 97
Answer Stats
Film(s) Answer % Correct
The Graduate Dustin Hoffman
100%
Charlie Wilson's War Philip Seymour Hoffman
95%
Silkwood, Heartburn, Postcards from the Edge Meryl Streep
84%
Postcards from the Edge, The Birdcage Gene Hackman
79%
Working Girl, Regarding Henry Harrison Ford
79%
Working Girl Melanie Griffith
79%
The Birdcage Robin Williams
79%
Working Girl Sigourney Weaver
79%
The Graduate Anne Bancroft
74%
Who's Afraid of Virginia Woolf Elizabeth Taylor
74%
Primary Colors John Travolta
74%
Who's Afraid of Virginia Woolf Richard Burton
74%
Charlie Wilson's War Tom Hanks
74%
Carnal Knowledge, The Fortune, Heartburn, Wolf Jack Nicholson
68%
Closer, Charlie Wilson's War Julia Roberts
68%
The Birdcage Nathan Lane
68%
Charlie Wilson's War Rachel Nichols
63%
Postcards from the Edge Shirley MacLaine
63%
Primary Colors Emma Thompson
58%
Primary Colors Kathy Bates
58%
Wolf Michelle Pfeiffer
58%
Catch-22, Carnal Knowledge, Art Garfunkel
53%
Primary Colors Billy Bob Thornton
53%
The Birdcage Dianne Wiest
53%
Silkwood Cher
47%
The Birdcage Hank Azaria
47%
Working Girl Kevin Spacey
47%
Postcards from the Edge, Regarding Henry, What Planet Are You From Annette Bening
37%
Carnal Knowledge Candice Bergen
37%
Who's Afraid of Virginia Woolf George Segal
37%
Closer Jude Law
37%
The Graduate Katharine Ross
37%
Silkwood Kurt Russell
37%
Biloxi Blues Matthew Broderick
37%
Closer Natalie Portman
37%
Carnal Knowledge Ann-Margret
32%
Working Girl Joan Cusack
32%
What Planet Are You From Ann Cusack
26%
Biloxi Blues Christopher Walken
26%
Closer Clive Owen
26%
Postcards from the Edge Dennis Quaid
26%
Charlie Wilson's War Emily Blunt
26%
Catch-22 Alan Arkin
21%
Working Girl Alec Baldwin
21%
Charlie Wilson's War Amy Adams
21%
What Planet Are You From Ben Kingsley
21%
The Birdcage Calista Flockhart
21%
Wolf James Spader
21%
What Planet Are You From John Goodman
21%
Who's Afraid of Virginia Woolf Sandy Dennis
21%
Heartburn Catherine O'Hara
16%
What Planet Are You From Garry Shandling
16%
What Planet Are You From Greg Kinnear
16%
What Planet Are You From Judy Greer
16%
Primary Colors Maura Tierney
16%
What Planet Are You From Richard Jenkins
16%
Primary Colors Adrian Lester
11%
Wolf, Primary Colors Allison Janney
11%
Catch-22 Anthony Perkins
11%
Catch-22 Buck Henry
11%
Wolf Christopher Plummer
11%
Silkwood Craig T. Nelson
11%
Heartburn Jeff Daniels
11%
Catch-22 Jon Voight
11%
Catch-22 Martin Sheen
11%
Charlie Wilson's War Ned Beatty
11%
What Planet Are You From Octavia Spencer
11%
Working Girl, Postcards from the Edge Oliver Platt
11%
Catch-22 Orson Welles
11%
The Day of the Dolphin Paul Sorvino
11%
Postcards from the Edge Richard Dreyfuss
11%
The Fortune Warren Beatty
11%
Catch-22 Bob Newhart
5%
Postcards from the Edge CCH Pounder
5%
The Birdcage Christine Baranski
5%
Postcards from the Edge Conrad Bain
5%
Wolf David Hyde Pierce
5%
Wolf David Schwimmer
5%
Silkwood Diana Scarwid
5%
The Graduate, The Day of the Dolphin, Regarding Henry Elizabeth Wilson
5%
Silkwood Fred Ward
5%
The Day of the Dolphin George C. Scott
5%
Catch-22 Jack Gilford
5%
Regarding Henry John Leguizamo
5%
Wolf Kate Nelligan
5%
Postcards from the Edge Mary Wickes
5%
Catch-22 Paula Prentiss
5%
Biloxi Blues Penelope Ann Miller
5%
Catch-22 Richard Benjamin
5%
Postcards from the Edge, Primary Colors Rob Reiner
5%
Heartburn Stockard Channing
5%
Primary Colors Tony Shalhoub
5%
The Day of the Dolphin Trish Van Devere
5%
The Fortune Christopher Guest
0%
Primary Colors Rebecca Walker
0%
Heartburn Steven Hill
0%
Working Girl Zach Grenier
0%
No matching quizzes found
Score Distribution
Percent of People with Each Score
Percentile by Number Answered
Your Score History
You have not taken this quiz